000 00905nam a2200265Ia 4500
003 GCL
005 20240530095524.0
008 140319s9999 xx 000 0 ara d
020 _a5665265977
040 _aGCL /
_cGCL
082 0 4 _a808.068
_bط ا
100 1 _aطلعت فهمى خفاجى
245 1 0 _aادب الطفل فى مواجهة الغزو الثقافى /
_cطلعت فهمى خفاجى
250 _aالاولى
260 _aالقاهرة :
_bدار ومكتبة الاسراء للطبع والنشر والتوزيع ،
_c2006
300 _a303 ص ؛
_c24 سم
650 0 4 _aادب الاطفال
650 0 4 _aكتب الاطفال
650 0 4 _aشعر الاطفال
650 0 4 _aاغانى الاطفال
650 0 4 _aالتليفزيون والاطفال
650 0 4 _aثقافة الاطفال
700 _aاحمد العربى
_eتقديم
942 _2ddc
_cBK
999 _c8035
_d8035